| 000 | 00929nam0a22002531 4500 | ||
|---|---|---|---|
| 001 | rc\2178246 | ||
| 005 | 20250623054943.0 | ||
| 035 | _a(NLR Aleph) 006607744 | ||
| 090 |
_a7316172 _c7316172 |
||
| 100 | _a20110829d1978 |||y0rusy50 ca | ||
| 101 | 1 |
_arus _clit |
|
| 102 | _aRU | ||
| 105 | _ay z ||||| | ||
| 200 | 1 |
_aАктивные методы обучения в работе пропагандиста _e(Материал для лектора) _f[Пер. с литов. яз. Ф. Фихмана] _gО-во "Знание" ЛитССР. Дом политпросвещения ЦК КП Литвы |
|
| 210 |
_aВильнюс _cБ. и. _d1978 |
||
| 215 |
_a[1], 28 с. _d20 |
||
| 700 | 1 |
_aИндрюнас _bА. _gАльгимантас |
|
| 801 | 0 |
_aRU _bNLR _gpsbo |
|
| 801 | 1 |
_aRU _bELAR _2rusmarc |
|
| 852 |
_aNLR _j78-4/11034 |
||
| 899 |
_aRuMoRGB _jM 78-11/1481 |
||
| 899 |
_aRuMoRGB _jM 78-11/1482 |
||
| 942 | _cBOOK | ||
| 980 | _aNB | ||